000 00691nam a2200181 i 4500
001 86336
003 ES-MaACL
007 t|
008 041228s2004 sp ||||1| spa d
080 _a94(460)"1212"(086.8)
245 0 3 _aEl lunes de Las Navas [
_hRecurso electrónico] /
_csegún una idea original de Carlos Vara Thorbeck.
260 _aMálaga :
_bCentro de Tecnología de la Imagen, Universidad de Málaga,
_c[2004]
300 _a1 Dvd ;
_c12 cm.
500 _aViene de regalo con la revista "La aventura de la Historia", nº 65 (marzo) 2004.
650 1 4 _aNavas de Tolosa, Batalla de, 1212-
_vDVD.
_915495
700 1 _aVara Thorbeck, Carlos.
_9113113
852 _aES-MaACL
_jROT 1/5/20
999 _c86336
_d86336